| 000 | 00584nam a2200241Ia 4500 | ||
|---|---|---|---|
| 003 | IT-RoPAU | ||
| 005 | 20220918175827.0 | ||
| 008 | 120407s9999 xx 000 0 und d | ||
| 040 | _aIT-RoPAU | ||
| 040 | _cIT-RoPAU | ||
| 041 | _aita | ||
| 100 |
_aEmanuela Marinelli _934766 |
||
| 245 | _aLa Sindone. Storia di un enigma. Prefazione di Vittorio Messori. 3a ed. aggiornata | ||
| 250 | _aMilano | ||
| 260 | _aRizzoli | ||
| 260 | _c1998 | ||
| 300 | _a300 p. | ||
| 300 | _c23 cm | ||
| 490 | _v1 | ||
| 700 |
_aOrazio Petrosillo _935998 |
||
| 942 |
_cBK _2ddc |
||
| 999 |
_c31915 _d31915 |
||